00699 2200217 4500001002100000005001500021035002000036007000300056008004100059020001800100082001000118084001600128100002000144245007400164260004500238300001200283500011600295650004400411856001700455990000900472INLIS00000000000008520220127081358 a0010-0122000085ta220127 g 0 ind  a9786020312408 a005.5 a005.5 MUS s0 aMustofa Thovids1 aSlide Design Mastery :bHow to design world calss si ide presentation aJakarta :bGramedia Pustaka Utama,c2014 a123 hlm aSlide Design Mastery memaparkan tip dan trik mendesain slide presentasi yang akan merombak kualitas presentasi. 4aProgram aplikasi dengan kegunaan khusus aKoleksi Umum a4761